000
00292pam a2200121 a 4500
020
_c
041
_h
082
_a
743.8
_b
VAZ
100
_a
Pundalik Vaze.
245
_a
The Art of Shading Objects
_h
Textual Documents
260
_a
[s.l]:
_b
Jyotsna Publication, Pune,
_c
2015.
930
_a
7367
999
_c
241157
_d
241157